Norway's biggest population cities 2011 Quiz Stats

 Plays Quiz not verified by Sporcle

Support Sporcle.
Go Orange.
Score 0/20 Timer 12:00
0 Plays Today
Population 2011 % Correct
599,230Oslo
100%
260,392Bergen
96.3%
173,486Trondheim
91%
126,021Stavanger
88.8%
82,394Kristiansand
74.6%
68,239Tromso
72.4%
63,582Drammen
65.7%
47,847Bodo
58.2%
43,670Alesund
50%
66,245Sandnes
47.8%
Population 2011 % Correct
52,077Skien
46.3%
52,805Sarpsborg
41%
42,229Arendal
38.8%
43,648Sandefjord
38.1%
42,638Larvik
35.1%
55,284Asker
28.4%
112,789Bærum
26.1%
74,579Frederikstad
14.9%
40,063Karmoy
8.2%
48,752Skedsmo
6.7%

You're not logged in!

Compare scores with friends on all Sporcle quizzes.
OR
Log In

From the Vault

Factors of 1200

by sproutcm

Be sure to factor this in.
Remove Ads.
Support Sporcle.
Get the best of Sporcle when you Go Orange. This ad-free experience offers more features, more stats, and more fun while also helping to support Sporcle. Thank you for becoming a member.

Show Comments

Extras

Top Quizzes Today


Score Distribution

Your Account Isn't Verified!

In order to create a playlist on Sporcle, you need to verify the email address you used during registration. Go to your Sporcle Settings to finish the process.

Report this User

Report this user for behavior that violates our Community Guidelines.

Details: